000 00263nam a22001217a 4500
003 SGT
082 _a616.89
_bE02S
100 _aSTAHL, STEPHEN M.
245 _aESSENTIAL PSYCHOPHARMACOLOGY
260 _aUK
_bCOMBRIDGE
_c2002
300 _a142
942 _2ddc
_cBK
999 _c14868
_d14868